Statistics for Most Capped Footballers for Croatia

Click here to take the quiz!

General Stats

  • This quiz has been taken 246 times
    (192 since last reset)
  • The average score is 14 of 25

Answer Stats

#CapsYearsAnswer% Correct
11522006-Luka Modric
100%
20691990-2002Davor Šuker
89%
41132011-Ivan Perišić
88%
11892007-2018Mario Mandžukić
87%
51062007-2020Ivan Rakitić
80%
13831996-2008Niko Kovač
79%
12841999-2009Robert Kovač
79%
10982010-Domagoj Vida
77%
21342002-2016Darijo Srna
73%
19702009-Dejan Lovren
69%
17742014-Marcelo Brozović
67%
14812013-Mateo Kovačić
67%
71042002-2015Ivica Olić
60%
31141999-2014Stipe Pletikosa
56%
81032006-2018Vedran Ćorluka
52%
18712014-Andrej Kramarić
50%
21642004-2014Eduardo da Silva
34%
14811990-2002Robert Jarni
34%
91001996-2008Dario Šimić
33%
14812004-2013Niko Kranjčar
32%
61052001-2013Josip Šimunić
31%
22621990-2000Aljoša Asanović
29%
24591990-2000Dražen Ladić
26%
23611994-2002Zvonimir Soldo
18%
24592002-2009Jerko Leko
12%

Score Distribution

Percentile by Number Answered

Percent of People with Each Score

Your Score History

You have not taken this quiz since the last reset